| 000 | 00581nam a2200217Ia 4500 | ||
|---|---|---|---|
| 003 | 0100 | ||
| 008 | 130303s9999 xx 000 0 und d | ||
| 020 | _a869210157 | ||
| 040 | _cARRUPELIB | ||
| 050 | _aJA84.Z55S25 1980 | ||
| 100 | _aSamkange, Stanlake John Thompson | ||
| 245 | _aHunhuism or ubuntuism | ||
| 245 | _ba Zimbabwe indigenous political philosophy | ||
| 260 | _aSalisbury | ||
| 260 | _bGraham Pub | ||
| 260 | _C1980 | ||
| 300 | _a106p. | ||
| 300 | _b 20cm. | ||
| 700 | _aStanlake John Thompson Samkange , Samkange, Tommie Marie, joint author | ||
| 942 | 0 | 0 | _02 |
| 999 |
_c9422 _d9422 |
||